000 00571nam a2200181Ia 4500
008 151202s9999||||xx |||||||||||||| ||und||
082 _bPNVM-45277
100 _aजोशी मिलिदं.
245 _aप्राचार्य.
260 _b"अक्षरब्रह्म प्रकाशन,पुणे."
260 _c2003
300 _a166
600 _aजोशी मिलिदं.
630 _aप्राचार्य.
700 _aजोशी मिलिदं.
730 _aप्राचार्य.
942 _cBOOK
999 _c1311228
_d1311225